000 00575nam a22001577a 4500
003 OSt
005 20260224134217.0
008 260224b |||||||| |||| 00| 0 eng d
040 _aKMU
_beng
_cKMU
_dKMU
_erda
050 _aSH335.8.I58
245 _aMaking Profits out of Seafood Wastes:
_bProceedings of the International Conference on Fish By-Products Anchorage, Alaska- April 25-27, 1990
_cEdited by Sue Keller
260 _aAlaska:
_bUniversity of Alaska Fairbanks,
_c1990.
300 _av, 239 pages;
_billustrations, diagrams;
_c28 cm.
650 _aReport
942 _2lcc
_cBK
_n0
999 _c2574
_d2574